01950cam a2200301 a 450000500170000002000280001704000150004508200150006010000220007524500870009726000850018430000210026952009690029054600090125965000440126865000170131265000280132965000340135765000200139165000200141165000210143165000380145265000340149065000300152465000200155465000190157485600550159320251121070814.0 a9987617204cTZS 10000/= aMCCLbeng.00a345.04 MAS1 aMassawe, A. A. F.14aThe burden of proof :bhow to defend yourself in criminal cases /cA.A.F. Massawe. aMzumbe [Tanzania] :bResearch and Publications Dept., Mzumbe University,cc2000. a190 p. ;c21 cm. aThe book covers three interrelated areas of law which a person would require to grasp when entering an appearance before the court of law. The areas at hand are criminal law principles, evidence and legal skills. First, the book addresses areas of criminal law upon which liability in criminal matters is fundamentally determined. In this vein, defences (general and specific) are also covered. Second, hand in hand with criminal law principles are rules of evidence, which have been given a concise but thorough treatment. Finally, the author provides techniques for handling prosecution matters. He illustrates methods or trial tactics (chapter 14) which may be adapted to any kind of case, and this aspect amplifies the importance of this book to learners of law. The skills are explained by analysis and illustrated by examples. The reader will find that in this way rules of self-defence become clear and that way potentially serious mistakes can be avoided. aeng. 0aDefense (Criminal procedure)zTanzania. 0aCriminal law 0aCircumstantial evidence 0aliability in criminal matters 0aLaw of evidence 0aClaim of rights 0aLegal confession 0aCircumnstantial evidence-Tanzania 0aCircumstantial evidence-cases 0acorroboration of evidence 0aJudical notices 0aCriminal cases uhttps://scholar.mzumbe.ac.tz/handle/123456789/1891